MARC details
| 000 -CABECERA |
| campo de control de longitud fija |
01006nam a2200277 i 4500 |
| 001 - NÚMERO DE CONTROL |
| campo de control |
000029885 |
| 003 - IDENTIFICADOR DEL NÚMERO DE CONTROL |
| campo de control |
DO-SdBNP |
| 005 - FECHA Y HORA DE LA ÚLTIMA TRANSACCIÓN |
| campo de control |
20240306073908.0 |
| 007 - CAMPO FIJO DE DESCRIPCIÓN FÍSICA--INFORMACIÓN GENERAL |
| campo de control de longitud fija |
ta |
| 008 - DATOS DE LONGITUD FIJA--INFORMACIÓN GENERAL |
| campo de control de longitud fija |
110426s1985 dr 000 0 spa d |
| 040 ## - FUENTE DE LA CATALOGACIÓN |
| Centro catalogador/agencia de origen |
DO-SdBNP |
| Lengua de catalogación |
spa |
| Centro/agencia transcriptor |
BNPHU |
| Normas de descripción |
rda |
| 082 #4 - NÚMERO DE LA CLASIFICACIÓN DECIMAL DEWEY |
| Número de documento/Ítem |
H519S |
| Número de edición |
22 |
| 100 1# - ENTRADA PRINCIPAL--NOMBRE DE PERSONA |
| Nombre de persona |
Troncoso Sánchez, Pedro, |
| Fechas asociadas al nombre |
1904-1989 |
| Término indicativo de función/relación |
autor |
| 9 (RLIN) |
23599 |
| 245 10 - MENCIÓN DE TÍTULO |
| Título |
Remenbranza de Pedro Henriquez Ureña / |
| Mención de responsabilidad, etc. |
Pedro Troncoso Sánchez ; palabras de presentación José del Castillo. |
| 264 ## - PRODUCCIÓN, PUBLICACIÓN, DISTRIBUCIÓN, FABRICACIÓN Y COPYRIGHT |
| Producción, publicación, distribución, fabricación y copyright |
Santo Domingo : |
| Nombre del de productor, editor, distribuidor, fabricante |
Museo del Hombre Dominicano, |
| Fecha de producción, publicación, distribución, fabricación o copyright |
[1985?]. |
| 300 ## - DESCRIPCIÓN FÍSICA |
| Extensión |
27 paginas. ; |
| Dimensiones |
22 cm. |
| 336 ## - TIPO DE CONTENIDO |
| Fuente |
rdacontent |
| Término de tipo de contenido |
texto |
| Código de tipo de contenido |
txt |
| 337 ## - TIPO DE MEDIO |
| Fuente |
rdamedia |
| Nombre/término del tipo de medio |
sin mediación |
| Código del tipo de medio |
n |
| 338 ## - TIPO DE SOPORTE |
| Fuente |
rdacarrier |
| Nombre/término del tipo de soporte |
volumen |
| Código del tipo de soporte |
nc |
| 490 1# - MENCIÓN DE SERIE |
| Mención de serie |
Ciclo de conferencias sobre el pensamiento de Pedro Henríquez Ureña |
| Designación de volumen o secuencia |
1 |
| 590 ## - NOTA LOCAL (RLIN) |
| Nota local |
Inventariado, 2023 / DG |
| 700 1# - PUNTO DE ACCESO ADICIONAL--NOMBRE DE PERSONA |
| Nombre de persona |
Castillo, José del |
| 9 (RLIN) |
2145 |
| 830 #0 - PUNTO DE ACCESO ADICIONAL DE SERIE-TÍTULO UNIFORME |
| Título uniforme |
Ciclo de conferencias sobre el pensamiento de Pedro Henríquez Ureña ; |
| Designación de volumen o secuencia |
1 |
| 9 (RLIN) |
56629 |
| 910 ## - DATOS DE OPCIÓN DEL USUARIO (OCLC) |
| Datos de opción del usuario |
DG |
| 942 ## - ELEMENTOS DE PUNTO DE ACCESO ADICIONAL (KOHA) |
| Fuente del sistema de clasificación o colocación |
Dewey Decimal Classification |
| Tipo de ítem Koha |
Libro |